| 000 | 00453cam a2200181ua 4500 | ||
|---|---|---|---|
| 020 | _c0.75 | ||
| 041 |
_ahin _h |
||
| 082 |
_a891.54 _bCHA/DE |
||
| 100 | _aChandra Sekhar, Misra. | ||
| 245 |
_aDesh ke sache saput / _cChandra Sekhar Misra. _hTextual Documents |
||
| 250 |
_a1 / _b. |
||
| 260 |
_aVaranasi : _bHindi Pracharak Pusthakalayam , _c1966. |
||
| 300 | _a96 ; . | ||
| 365 | _a0.75 | ||
| 504 | _a | ||
| 942 | _cBK | ||
| 999 |
_c8076 _d8076 |
||